[Event "Cardiff Welsh op"]
[Site "Cardiff"]
[Date "2023.04.10"]
[Round "6"]
[White "Greco, Joseph"]
[Black "Emblem, Mark"]
[Result "1-0"]
[WhiteElo "1730"]
[BlackElo "1403"]
[PlyCount "113"]
[EventDate "2023.04.07"]
[EventType "swiss"]
[EventRounds "7"]
[EventCountry "WLS"]
[SourceTitle "EXT 2024"]
[Source "ChessBase"]
[SourceDate "2023.10.10"]
[SourceVersion "1"]
[SourceVersionDate "2023.10.10"]
[SourceQuality "1"]

1. Nf3 Nf6 2. g3 e6 3. Bg2 d5 4. 0-0 Be7 5. d3 b6 6. Nbd2 Bb7 7. c3 0-0 8. d4 Nbd7 9. Re1 Ne4 10. Ne5 Nxe5 11. Nxe4 dxe4 12. dxe5 Qxd1 13. Rxd1 Rad8 14. Be3 c5 15. c4 f5 16. exf6 Bxf6 17. Rxd8 Rxd8 18. Rb1 Rd7 19. h4 h6 20. b3 Bc3 21. Rc1 Be5 22. h5 Bc6 23. Rc2 a5 24. Rd2 Rxd2 25. Bxd2 Kf7 26. Kh2 Bd4 27. Be1 Ke7 28. g4 Kd6 29. Kg3 Be5+ 30. Kh3 Bf6 31. Bd2 Bg5 32. Bc3 Bf6 33. Be1 Bg5 34. Kg3 e5 35. e3 Bf6 36. Bd2 Bg5 37. f4 exf3 38. Bxf3 Bf6 39. Bxc6 Kxc6 40. Kf3 Kd6 41. Ke4 Ke6 42. Bc3 Kd6 43. Kf5 Ke7 44. Bxe5 Bxe5 45. Kxe5 a4 46. Kf5 axb3 47. axb3 Kf7 48. e4 Ke7 49. Kg6 Kf8 50. e5 Kg8 51. e6 Kf8 52. e7+ Kxe7 53. Kxg7 Ke6 54. Kxh6 Kf7 55. g5 Kg8 56. g6 Kh8 57. g7+ 1-0

[Event "Cardiff Welsh op"]
[Site "Cardiff"]
[Date "2023.04.08"]
[Round "4"]
[White "Greco, Joseph"]
[Black "Hollyman, Mike"]
[Result "0-1"]
[WhiteElo "1730"]
[BlackElo "1418"]
[PlyCount "90"]
[EventDate "2023.04.07"]
[EventType "swiss"]
[EventRounds "7"]
[EventCountry "WLS"]
[SourceTitle "EXT 2024"]
[Source "ChessBase"]
[SourceDate "2023.10.10"]
[SourceVersion "1"]
[SourceVersionDate "2023.10.10"]
[SourceQuality "1"]

1. d4 Nf6 2. e3 d5 3. Bd3 Bg4 4. f3 Bh5 5. Ne2 e6 6. 0-0 Nbd7 7. c4 c6 8. Nbc3 dxc4 9. Bxc4 Qc7 10. e4 Rd8 11. Qe1 e5 12. Be3 Bd6 13. d5 cxd5 14. Nb5 Qc6 15. exd5 Nxd5 16. Nxd6+ Qxd6 17. Bxa7 N7b6 18. Bxd5 Nxd5 19. Rd1 b6 20. Kh1 Qc7 21. Ng3 Bg6 22. Rc1 Qxa7 23. Qxe5+ Qe7 24. Qxg7 Qf6 25. Rfe1+ Kd7 26. Qh6 Rhe8 27. Red1 Qe6 28. h4 Rc8 29. Rxc8 Rxc8 30. Qg5 Kc6 31. Ne2 f6 32. Nd4+ Kd6 33. Nxe6 fxg5 34. Nxg5 h6 35. Ne4+ Ke5 36. Re1 Kf4 37. Re2 Re8 38. Nc3 Nxc3 39. Rxe8 Bxe8 40. bxc3 Kg3 41. Kg1 Kxh4 42. Kf2 Kg5 43. Kg3 Kf5 44. f4 Bc6 45. Kh4 Bxg2 0-1

[Event "Gibraltar Amateurs op-B"]
[Site "Caleta"]
[Date "2020.01.29"]
[Round "5"]
[White "Dennis, Nigel W"]
[Black "Greco, Joseph"]
[Result "1-0"]
[WhiteElo "1784"]
[BlackElo "1691"]
[PlyCount "147"]
[EventDate "2020.01.20"]
[EventType "swiss"]
[EventRounds "5"]
[EventCountry "GGB"]
[SourceTitle "CBM 194 Extra"]
[Source "ChessBase"]
[SourceDate "2020.03.31"]
[SourceVersion "1"]
[SourceVersionDate "2020.03.31"]
[SourceQuality "1"]

1. e4 c5 2. Nf3 h6 3. d4 cxd4 4. Nxd4 Nf6 5. Nc3 d6 6. Be2 a6 7. 0-0 e5 8. Nb3 g5 9. a4 Nc6 10. Be3 Be6 11. f3 Nh5 12. Nd5 Nf4 13. Bb6 Qc8 14. Nc7+ Ke7 15. Nxa8 Qxa8 16. Na5 Nxa5 17. Bxa5 Qa7+ 18. Kh1 h5 19. Bd2 h4 20. Bxf4 gxf4 21. Qe1 h3 22. g3 fxg3 23. Qxg3 Bh6 24. Qh4+ f6 25. Rg1 Qe3 26. Bd1 Rc8 27. Ra3 Qc1 28. Rd3 Qf4 29. Qxf4 Bxf4 30. b3 Bg5 31. c4 a5 32. Be2 b6 33. Rgd1 Rc6 34. Bf1 Bf4 35. Rb1 Kd7 36. Rc3 Bd2 37. Rc2 Bb4 38. Bd3 Bc5 39. Rf1 Be3 40. Re2 Bg5 41. Rb2 Be3 42. Re2 Bf4 43. Rg1 Bg5 44. Rg3 Rc8 45. Rb2 Bc1 46. Rb1 Bd2 47. Rg7+ Kc6 48. Rh7 Rc7 49. Rxc7+ Kxc7 50. Rg1 Bf4 51. Rg7+ Kc6 52. Rh7 Kc5 53. Bf1 Kb4 54. Re7 Bc8 55. Rc7 Be6 56. Rc6 Kxb3 57. Rxb6+ Kxa4 58. Rxd6 Bg8 59. c5 Be3 60. c6 Bb6 61. Bxh3 Bc4 62. Rxf6 Kb4 63. Be6 Bb5 64. Bd5 a4 65. Rf7 a3 66. c7 Ba6 67. Ba2 Kc5 68. h4 Kd6 69. h5 Be3 70. Rf6+ Kxc7 71. Rxa6 Kb7 72. Rxa3 Bf4 73. Bd5+ Kb6 74. Ra8 1-0

[Event "Gibraltar Amateurs op-A"]
[Site "Caleta"]
[Date "2020.01.24"]
[Round "5"]
[White "Greco, Joseph"]
[Black "Marani, Luca"]
[Result "1-0"]
[WhiteElo "1691"]
[BlackElo "1796"]
[PlyCount "59"]
[EventDate "2020.01.20"]
[EventType "swiss"]
[EventRounds "5"]
[EventCountry "GGB"]
[SourceTitle "CBM 194 Extra"]
[Source "ChessBase"]
[SourceDate "2020.03.31"]
[SourceVersion "1"]
[SourceVersionDate "2020.03.31"]
[SourceQuality "1"]

1. e4 e5 2. Nc3 Nf6 3. g3 Bc5 4. Bg2 a6 5. Nf3 Nc6 6. 0-0 Ba7 7. a4 b5 8. d3 b4 9. Nd5 d6 10. Bg5 Bg4 11. c3 Rb8 12. h3 Be6 13. Nh4 bxc3 14. bxc3 Rb2 15. Qf3 Bxd5 16. exd5 Na5 17. Nf5 0-0 18. h4 Nb3 19. Rad1 Nc5 20. h5 Kh8 21. h6 gxh6 22. Nxh6 Ncd7 23. Bh3 Kg7 24. Bxd7 Kg6 25. Qf5+ Kg7 26. Ng4 Nxg4 27. Bxd8 Bxf2+ 28. Kh1 h5 29. Qg5+ Kh8 30. Qxh5+ 1-0

[Event "Gibraltar Amateurs op-A"]
[Site "Caleta"]
[Date "2020.01.22"]
[Round "3"]
[White "Greco, Joseph"]
[Black "Camara Bordon, Luis Marcos"]
[Result "1-0"]
[WhiteElo "1691"]
[BlackElo "1349"]
[PlyCount "117"]
[EventDate "2020.01.20"]
[EventType "swiss"]
[EventRounds "5"]
[EventCountry "GGB"]
[SourceTitle "EXT 2021"]
[Source "ChessBase"]
[SourceDate "2020.10.23"]
[SourceVersion "1"]
[SourceVersionDate "2020.10.23"]
[SourceQuality "1"]

1. e4 d6 2. b3 Nf6 3. Qe2 Nc6 4. Bb2 e5 5. Nf3 Bg4 6. h3 Bxf3 7. Qxf3 Nd4 8. Bxd4 exd4 9. Bc4 c6 10. c3 Qe7 11. 0-0 d3 12. Bxd3 Nd7 13. Bc2 g6 14. d4 Bg7 15. Nd2 0-0 16. Rac1 Bh6 17. Qd3 Rad8 18. f4 Qh4 19. f5 Qg5 20. Nc4 Nf6 21. Rce1 Nh5 22. Qf3 Ng3 23. Rf2 gxf5 24. exf5 Rfe8 25. Rxe8+ Rxe8 26. Kh2 Re1 27. Qxg3 Rh1+ 28. Kxh1 Qxg3 29. Rf3 Qe1+ 30. Kh2 d5 31. Ne5 f6 32. Ng4 Bf8 33. Nxf6+ Kf7 34. Ng4 Bd6+ 35. Ne5+ Kf6 36. b4 Qc1 37. Bb3 h5 38. h4 Qe1 39. Kh3 Qe4 40. g3 Bxe5 41. dxe5+ Qxe5 42. Kg2 Qe2+ 43. Rf2 Qe4+ 44. Kh2 Qe3 45. Kg2 Qxc3 46. Bd1 Qxb4 47. Bxh5 Qe4+ 48. Bf3 Qxf5 49. Bg4 Qxf2+ 50. Kxf2 c5 51. Bc8 b6 52. Ba6 d4 53. Kf3 Ke6 54. h5 Kd5 55. h6 c4 56. h7 d3 57. Ke3 Kc5 58. h8Q Kb4 59. Qb2+ 1-0

[Event "Gibraltar Amateurs op-A"]
[Site "Caleta"]
[Date "2020.01.21"]
[Round "2"]
[White "Apps, Ian"]
[Black "Greco, Joseph"]
[Result "0-1"]
[WhiteElo "1308"]
[BlackElo "1691"]
[PlyCount "44"]
[EventDate "2020.01.20"]
[EventType "swiss"]
[EventRounds "5"]
[EventCountry "GGB"]
[SourceTitle "EXT 2021"]
[Source "ChessBase"]
[SourceDate "2020.10.23"]
[SourceVersion "1"]
[SourceVersionDate "2020.10.23"]
[SourceQuality "1"]

1. d4 d5 2. Nf3 Nf6 3. Bf4 e6 4. e3 Bd6 5. Bg3 0-0 6. Bd3 b6 7. c3 Bb7 8. Qc2 c5 9. Qe2 Nc6 10. Nbd2 c4 11. Bc2 Na5 12. 0-0 Rc8 13. Ne5 b5 14. Ndf3 Ne4 15. Bh4 f6 16. Nd2 g5 17. Nxe4 dxe4 18. Qg4 Kh8 19. Qh5 Qe8 20. Qg4 gxh4 21. b4 cxb3 22. axb3 Rxc3 0-1

[Event "Gibraltar U16 op"]
[Site "Caleta"]
[Date "2019.08.19"]
[Round "6"]
[White "Martinez Soriano, Javier"]
[Black "Greco, Joseph"]
[Result "1-0"]
[WhiteElo "1992"]
[BlackElo "1690"]
[PlyCount "73"]
[EventDate "2019.08.16"]
[EventType "swiss"]
[EventRounds "6"]
[EventCountry "GGB"]
[SourceTitle "CBM 195 Extra"]
[Source "ChessBase"]
[SourceDate "2020.05.31"]
[SourceVersion "1"]
[SourceVersionDate "2020.05.31"]
[SourceQuality "1"]

1. e4 e6 2. d3 d5 3. Qe2 Nf6 4. e5 Nfd7 5. Nf3 c5 6. g3 b5 7. Bg2 Nc6 8. c4 bxc4 9. dxc4 Ba6 10. b3 Be7 11. 0-0 0-0 12. Bb2 Rb8 13. Nbd2 Nb6 14. Ba3 Qc7 15. Rfc1 Rfd8 16. Qe3 d4 17. Qf4 Bb7 18. Ne4 Nd7 19. Nd6 Ndxe5 20. Nxb7 Nxf3+ 21. Qxf3 Ne5 22. Qe4 f5 23. Qe2 d3 24. Qe3 d2 25. Rd1 Rd3 26. Qe2 Rxb7 27. Bxb7 Qd6 28. Bb2 Bf6 29. Rab1 Nd7 30. Bxf6 Nxf6 31. Bd5 Rd4 32. Qxe6+ Qxe6 33. Bxe6+ Kf8 34. Bxf5 g6 35. Bh3 Ne4 36. Rb2 Rd3 37. Bg2 1-0

[Event "Gibraltar U16 op"]
[Site "Caleta"]
[Date "2019.08.18"]
[Round "4"]
[White "Miller, Max C"]
[Black "Greco, Joseph"]
[Result "0-1"]
[WhiteElo "1563"]
[BlackElo "1690"]
[PlyCount "70"]
[EventDate "2019.08.16"]
[EventType "swiss"]
[EventRounds "6"]
[EventCountry "GGB"]
[SourceTitle "CBM 195 Extra"]
[Source "ChessBase"]
[SourceDate "2020.05.31"]
[SourceVersion "1"]
[SourceVersionDate "2020.05.31"]
[SourceQuality "1"]

1. d4 Nf6 2. Nf3 e6 3. e3 d5 4. Bd3 b6 5. b3 Bb7 6. Bb2 Nbd7 7. Nbd2 Be7 8. 0-0 0-0 9. Ne5 c5 10. f4 Ne4 11. Rf3 f5 12. Bxe4 Nxe5 13. dxe5 fxe4 14. Rg3 Qe8 15. Qg4 Qf7 16. Rf1 g6 17. Rh3 b5 18. b4 c4 19. a3 a5 20. Bc3 axb4 21. Bxb4 Bc6 22. Nb1 Bxb4 23. axb4 Ra1 24. Rh4 Bd7 25. Nc3 Rfa8 26. Rxa1 Rxa1+ 27. Kf2 Qe7 28. Qg5 Qxg5 29. fxg5 Rc1 30. Ne2 Rxc2 31. Ke1 Rb2 32. Kd1 Rxb4 33. Kc2 Rb3 34. Nc3 b4 35. Nd1 Ba4 0-1

[Event "Gibraltar U16 op"]
[Site "Caleta"]
[Date "2019.08.16"]
[Round "2"]
[White "Serrano Almendros, Alejandro"]
[Black "Greco, Joseph"]
[Result "1-0"]
[WhiteElo "1922"]
[BlackElo "1690"]
[PlyCount "119"]
[EventDate "2019.08.16"]
[EventType "swiss"]
[EventRounds "6"]
[EventCountry "GGB"]
[SourceTitle "CBM 195 Extra"]
[Source "ChessBase"]
[SourceDate "2020.05.31"]
[SourceVersion "1"]
[SourceVersionDate "2020.05.31"]
[SourceQuality "1"]

1. d4 Nf6 2. c4 e6 3. Nc3 d5 4. cxd5 exd5 5. Bg5 Be7 6. Qc2 c6 7. e3 h6 8. Bh4 0-0 9. Bd3 Ne8 10. Bxe7 Qxe7 11. Nxd5 cxd5 12. Qxc8 Nc6 13. Qxa8 Nf6 14. Qxf8+ Kxf8 15. Nf3 Qb4+ 16. Nd2 Ng4 17. Rd1 Nxd4 18. h3 Ne5 19. Bb1 Nb5 20. 0-0 Qxb2 21. Nb3 Nc3 22. Rd2 Qa3 23. Rc1 Nc4 24. Rxc3 Nxd2 25. Rc8+ Ke7 26. Nxd2 Kd7 27. Rc2 a5 28. Nf3 b5 29. Kh2 f5 30. Rd2 Ke6 31. Nd4+ Kf6 32. Nxf5 Qc1 33. Rxd5 Qxb1 34. Ng3 Ke6 35. Rd2 a4 36. Ne2 b4 37. Nd4+ Kd5 38. Nb3+ Kc4 39. Rd4+ Kc3 40. Rc4+ Kb2 41. Rxb4 Kc3 42. Rxa4 Qf5 43. Rf4 Qe5 44. g3 g5 45. Rd4 h5 46. Kg2 Qf5 47. Nd2 Qf8 48. Ne4+ Kb2 49. Nxg5 Kxa2 50. Rh4 Qe8 51. Nf3 Kb2 52. Nd4 Kc3 53. Ne2+ Kd2 54. Nf4 Qa8+ 55. Kh2 Qf3 56. Rxh5 Ke1 57. Ra5 Qxf2+ 58. Ng2+ Kd1 59. Ra1+ Ke2 60. Ra2+ 1-0

[Event "Gibraltar Amateur op-A"]
[Site "Caleta"]
[Date "2019.01.25"]
[Round "5"]
[White "Leimeister, Winfried"]
[Black "Greco, Joseph"]
[Result "1/2-1/2"]
[WhiteElo "1870"]
[BlackElo "1574"]
[PlyCount "35"]
[EventDate "2019.01.21"]
[EventType "swiss"]
[EventRounds "5"]
[EventCountry "GGB"]
[SourceTitle "CBM 188 Extra"]
[Source "ChessBase"]
[SourceDate "2019.02.26"]
[SourceVersion "1"]
[SourceVersionDate "2019.02.26"]
[SourceQuality "1"]

1. e4 d5 2. exd5 Nf6 3. Nc3 Nxd5 4. Bc4 Nb6 5. Bb3 Nc6 6. Qf3 e6 7. Nge2 Bd6 8. d4 Qf6 9. Qxf6 gxf6 10. Ne4 Be7 11. Bd2 Rg8 12. g3 Bd7 13. 0-0-0 Nxd4 14. Nxd4 c5 15. Nxc5 Bxc5 16. Be3 e5 17. Nf5 Bxe3+ 18. Nxe3 1/2-1/2

[Event "Gibraltar Amateur op-A"]
[Site "Caleta"]
[Date "2019.01.21"]
[Round "1"]
[White "Greco, Joseph"]
[Black "Sahil, Dhawan"]
[Result "0-1"]
[WhiteElo "1574"]
[BlackElo "1843"]
[PlyCount "137"]
[EventDate "2019.01.21"]
[EventType "swiss"]
[EventRounds "5"]
[EventCountry "GGB"]
[SourceTitle "CBM 188 Extra"]
[Source "ChessBase"]
[SourceDate "2019.02.26"]
[SourceVersion "1"]
[SourceVersionDate "2019.02.26"]
[SourceQuality "1"]

1. e4 c5 2. Nf3 e6 3. d4 cxd4 4. Nxd4 a6 5. Nc3 Qc7 6. Be3 Nf6 7. f3 b5 8. Bd3 Bb7 9. 0-0 Be7 10. Rc1 0-0 11. Nce2 d5 12. exd5 Nxd5 13. Bf2 Bg5 14. Ra1 Nd7 15. c3 g6 16. Qc2 e5 17. Nb3 Rac8 18. a3 Ne3 19. Bxe3 Bxe3+ 20. Kh1 f5 21. Ng3 Nf6 22. Rfe1 Bf4 23. Nf1 Rfd8 24. Rad1 Qb6 25. Be2 e4 26. Rxd8+ Rxd8 27. Rd1 exf3 28. Rxd8+ Qxd8 29. Bxf3 Bxf3 30. gxf3 Qd5 31. Nd4 Ng4 32. Qb3 Qxb3 33. Nxb3 Nf2+ 34. Kg2 Nd3 35. Ng3 Bd6 36. Ne2 Nxb2 37. Ned4 Bxa3 38. Nd2 Nd1 39. Nc2 Bc1 40. Nb3 Bb2 41. Nb4 Bxc3 42. Nxa6 Kf7 43. Kf1 Ke7 44. Ke2 Nb2 45. Nc7 b4 46. Nd5+ Kd6 47. Nxc3 bxc3 48. Ke3 Kd5 49. f4 Kc4 50. Nc1 Na4 51. h3 Nb6 52. h4 Nd5+ 53. Kf3 c2 54. Kg3 Kc3 55. h5 Kd2 56. Nb3+ Kd1 57. hxg6 hxg6 58. Kh4 c1Q 59. Nxc1 Kxc1 60. Kg5 Nxf4 61. Kxf4 Kd2 62. Kf3 Ke1 63. Ke3 g5 64. Kf3 Kf1 65. Kg3 Ke2 66. Kh3 f4 67. Kh2 f3 68. Kg3 f2 69. Kh2 0-1

[Event "Gibraltar Amateur op-A"]
[Site "Caleta"]
[Date "2018.01.25"]
[Round "4"]
[White "Greco, Joseph"]
[Black "Dennis, Nigel W"]
[Result "1/2-1/2"]
[WhiteElo "1650"]
[BlackElo "1804"]
[PlyCount "39"]
[EventDate "2018.01.22"]
[EventType "swiss"]
[EventRounds "5"]
[EventCountry "GGB"]
[SourceTitle "EXT 2019"]
[Source "ChessBase"]
[SourceDate "2018.10.10"]
[SourceVersion "1"]
[SourceVersionDate "2018.10.10"]
[SourceQuality "1"]

1. Nf3 d5 2. g3 c5 3. Bg2 Nf6 4. 0-0 e6 5. d4 cxd4 6. Nxd4 Nc6 7. c4 Qb6 8. Nxc6 bxc6 9. cxd5 cxd5 10. Qb3 Qxb3 11. axb3 Bc5 12. Bf4 Bb7 13. e3 Ke7 14. Rc1 Bd6 15. Bxd6+ Kxd6 16. Nc3 a6 17. Bf1 Rhc8 18. Na4 Nd7 19. Rc3 Rxc3 20. bxc3 1/2-1/2

[Event "Gibraltar Amateur op-A"]
[Site "Caleta"]
[Date "2018.01.23"]
[Round "2"]
[White "Anjali, R Sagar"]
[Black "Greco, Joseph"]
[Result "1-0"]
[WhiteElo "1792"]
[BlackElo "1650"]
[PlyCount "55"]
[EventDate "2018.01.22"]
[EventType "swiss"]
[EventRounds "5"]
[EventCountry "GGB"]
[SourceTitle "EXT 2019"]
[Source "ChessBase"]
[SourceDate "2018.10.10"]
[SourceVersion "1"]
[SourceVersionDate "2018.10.10"]
[SourceQuality "1"]

1. e4 e6 2. d4 d5 3. Nd2 Nf6 4. e5 Nfd7 5. Bd3 c5 6. c3 Nc6 7. Ne2 Qb6 8. Nf3 cxd4 9. cxd4 Be7 10. 0-0 Qd8 11. a3 Nf8 12. g3 h5 13. h4 a6 14. Bd2 Bd7 15. Rc1 Qb6 16. Rc3 f6 17. Rb3 Qa7 18. exf6 gxf6 19. Nf4 Kf7 20. Re1 b5 21. Qe2 Bd6 22. Nxh5 Rxh5 23. Ng5+ Rxg5 24. hxg5 fxg5 25. Qh5+ Kg8 26. Qxg5+ Kf7 27. Be2 Ng6 28. Bh5 1-0